| 000 -LEADER |
| fixed length control field |
01367cam a22003254i 4500 |
| 001 - CONTROL NUMBER |
| control field |
18406595 |
| 005 - DATE AND TIME OF LATEST TRANSACTION |
| control field |
20240131172200.0 |
| 008 - FIXED-LENGTH DATA ELEMENTS--GENERAL INFORMATION |
| fixed length control field |
141215s2015 cau b 001 0 eng |
| 010 ## - LIBRARY OF CONGRESS CONTROL NUMBER |
| LC control number |
2014046175 |
| 020 ## - INTERNATIONAL STANDARD BOOK NUMBER |
| International Standard Book Number |
9781452217635 X(pbk. : alk. paper) |
| 040 ## - CATALOGING SOURCE |
| Original cataloging agency |
DLC |
| Language of cataloging |
eng |
| Transcribing agency |
DLC |
| Description conventions |
rda |
| Modifying agency |
DLC |
| 042 ## - AUTHENTICATION CODE |
| Authentication code |
pcc |
| 050 00 - LIBRARY OF CONGRESS CALL NUMBER |
| Classification number |
JF1525.I6 |
| Item number |
F58 2016 |
| 080 ## - UNIVERSAL DECIMAL CLASSIFICATION NUMBER |
| Universal Decimal Classification number |
355.40 The-44 |
| 245 14 - TITLE STATEMENT |
| Title |
The five disciplines of intelligence collection / |
| Statement of responsibility, etc. |
Mark M. Lowenthal, Robert M. Clark, editors. |
| 264 #1 - PRODUCTION, PUBLICATION, DISTRIBUTION, MANUFACTURE, AND COPYRIGHT NOTICE |
| Place of production, publication, distribution, manufacture |
LOs Angeles: |
| Name of producer, publisher, distributor, manufacturer |
CQ Press, |
| Date of production, publication, distribution, manufacture, or copyright notice |
[2016] |
| 300 ## - PHYSICAL DESCRIPTION |
| Extent |
xxvi, 232 pages : |
| Other physical details |
illustrations ; |
| Dimensions |
23 cm. |
| 336 ## - CONTENT TYPE |
| Content type term |
text |
| Source |
rdacontent |
| 337 ## - MEDIA TYPE |
| Media type term |
unmediated |
| Source |
rdamedia |
| 338 ## - CARRIER TYPE |
| Carrier type term |
volume |
| Source |
rdacarrier |
| 504 ## - BIBLIOGRAPHY, ETC. NOTE |
| Bibliography, etc. note |
Includes bibliographical references and index. |
| 650 #0 - SUBJECT ADDED ENTRY--TOPICAL TERM |
| Topical term or geographic name entry element |
Intelligence service |
| General subdivision |
Methodology. |
| 9 (RLIN) |
21167 |
| 653 ## - INDEX TERM--UNCONTROLLED |
| keyword |
დაზვერვის შეგროვების ხუთი დისციპლინა |
| 653 ## - INDEX TERM--UNCONTROLLED |
| keyword |
დაზვერვის სამსახური მეთოდოლოგია. |
| 700 1# - ADDED ENTRY--PERSONAL NAME |
| Personal name |
Lowenthal, Mark M. [რედაქტორი] |
| 9 (RLIN) |
21168 |
| 700 1# - ADDED ENTRY--PERSONAL NAME |
| Personal name |
Clark, Robert M. [რედაქტორი] |
| 9 (RLIN) |
21169 |
| 906 ## - LOCAL DATA ELEMENT F, LDF (RLIN) |
| a |
7 |
| b |
cbc |
| c |
orignew |
| d |
1 |
| e |
ecip |
| f |
20 |
| g |
y-gencatlg |
| 942 ## - ADDED ENTRY ELEMENTS (KOHA) |
| Source of classification or shelving scheme |
|
| Koha item type |
წიგნი |